Misi kami (Record no. 115207)

MARC details
000 -LEADER
fixed length control field 00724nam a2200253 i 4500
001 - CONTROL NUMBER
control field C2-0313493
003 - CONTROL NUMBER IDENTIFIER
control field PPAK
005 - DATE AND TIME OF LATEST TRANSACTION
control field 20180728105217.0
008 - FIXED-LENGTH DATA ELEMENTS--GENERAL INFORMATION
fixed length control field 111117s2011 my a|||| ||||| | may d
020 ## - INTERNATIONAL STANDARD BOOK NUMBER
International Standard Book Number 9789673690640
040 ## - CATALOGING SOURCE
Original cataloging agency PPAK
Language of cataloging eng
Transcribing agency PPAK
Description conventions rda
082 04 - DEWEY DECIMAL CLASSIFICATION NUMBER
Classification number 899.233
Edition number 23
090 00 - LOCALLY ASSIGNED LC-TYPE CALL NUMBER (OCLC); LOCAL CALL NUMBER (RLIN)
Classification number (OCLC) (R) ; Classification number, CALL (RLIN) (NR) 899.233
Feature heading SYA
Feature heading G
100 0# - MAIN ENTRY--PERSONAL NAME
Personal name Syarafuddin Sulaiman,
Relator term author
245 10 - TITLE STATEMENT
Title Misi kami
264 #1 - PRODUCTION, PUBLICATION, DISTRIBUTION, MANUFACTURE, AND COPYRIGHT NOTICE
Place of production, publication, distribution, manufacture Batu Caves, Selangor :
Name of producer, publisher, distributor, manufacturer PTS Professional Publishing Sdn. Bhd. ,
Date of production, publication, distribution, manufacture, or copyright notice 2011
300 ## - PHYSICAL DESCRIPTION
Extent 198 pages :
Other physical details illustrations ;
Dimensions 19 cm
336 ## - CONTENT TYPE
Source rdacontent
Content type term text
337 ## - MEDIA TYPE
Source rdamedia
Media type term unmediated
338 ## - CARRIER TYPE
Source rdacarrier
Carrier type term volume
650 10 - SUBJECT ADDED ENTRY--TOPICAL TERM
Topical term or geographic name entry element Malay fiction.
700 0# - ADDED ENTRY--PERSONAL NAME
Personal name Nurismaliza Ismail,
Relator term editor
942 ## - ADDED ENTRY ELEMENTS (KOHA)
-- dc
Koha item type Book
Holdings
Withdrawn Not for loan Current library Shelving location Date acquired Full call number Barcode Date last seen Koha item type Total Checkouts Date last checked out Total Renewals
    Perpustakaan Alor Setar Pinjaman Dewasa 24/11/2011 899.233 SYA A01371051 09/05/2018 Book      
    Perpustakaan Alor Setar Pinjaman Dewasa 24/11/2011 899.233 SYA A01371052 26/06/2019 Book 1 26/05/2019 1
    Perpustakaan Awam Sungai Petani Pinjaman Dewasa 24/11/2011 899.233 SYA A01371053 09/05/2018 Book      
    Perpustakaan Baling Pinjaman Dewasa 24/11/2011 899.233 SYA A01371059 09/05/2018 Book      
    Perpustakaan Bandar Baharu Pinjaman Dewasa 24/11/2011 899.233 SYA A01371060 09/05/2018 Book      
    Perpustakaan Jitra Pinjaman Dewasa 24/11/2011 899.233 SYA A01371054 09/11/2024 Book 2 19/10/2024  
    Perpustakaan Kulim Pinjaman Dewasa 24/11/2011 899.233 SYA A01371056 24/01/2023 Book 1 02/01/2023  
    Perpustakaan Langkawi Pinjaman Dewasa 24/11/2011 899.233 SYA A01371055 09/03/2020 Book 2 16/02/2020  
    Perpustakaan Merbok Pinjaman Dewasa 24/11/2011 899.233 SYA A01371063 09/05/2018 Book      
    Perpustakaan Pendang Pinjaman Dewasa 24/11/2011 899.233 SYA A01371064 14/03/2021 Book 1 21/01/2021  
    Perpustakaan Yan Pinjaman Dewasa 24/11/2011 899.233 SYA A01371057 09/05/2018 Book      
    PD21, Kg. Tengah, Jerlun Pinjaman Dewasa 24/11/2011 899.233 SYA A01371062 09/05/2018 Book